Loading...
| History - American History | 2 | 2 | 1 | 0 | 45 | 45 | 63.25 | 2 | 3 |
| History - World History | 2 | 2 | 2 | 1 | 40 | 45 | 85.50 | 1 | 4 |
| Mythology | 1 | 3 | 1 | 2 | 40 | 66 | 111.75 | 1 | 2 |
| History - Other History | 2 | 1 | 2 | 0 | 30 | 44 | 57.33 | 2 | 3 |
| History - European History | 2 | 1 | 2 | 0 | 30 | 12 | 48.00 | 1 | 3 |
| Current Events | 0 | 1 | 0 | 0 | 10 | 106 | 106.00 | 0 | 0 |
| Fine Arts - Other Fine Arts | 0 | 1 | 0 | 0 | 10 | 86 | 86.00 | 0 | 1 |
| Fine Arts - Visual Fine Arts | 0 | 2 | 2 | 1 | 10 | 115 | 118.50 | 0 | 1 |
| Literature - American Literature | 0 | 1 | 0 | 0 | 10 | 93 | 93.00 | 0 | 0 |
| Pop Culture | 0 | 1 | 1 | 0 | 5 | 136 | 136.00 | 0 | 1 |